[Event "HUN-ch U20"]
[Site "Szolnok"]
[Date "2024.04.06"]
[Round "9"]
[White "Fule, Simon"]
[Black "Herpai, Jozsef Matyas"]
[Result "1-0"]
[WhiteElo "2262"]
[BlackElo "2037"]
[PlyCount "59"]
[EventDate "2024.03.31"]
[EventType "swiss"]
[EventRounds "9"]
[EventCountry "HUN"]
[SourceTitle "CB16_2024"]
[SourceDate "2024.04.17"]
[SourceVersion "1"]
[SourceVersionDate "2024.04.17"]
[SourceQuality "1"]

1. e4 c5 2. Nf3 d6 3. d4 cxd4 4. Nxd4 Nf6 5. Nc3 a6 6. f3 e5 7. Nb3 Be6 8. Be3 Be7 9. Qd2 0-0 10. 0-0-0 Nbd7 11. g4 b5 12. Rg1 b4 13. Nd5 Bxd5 14. exd5 a5 15. g5 Nh5 16. Kb1 Qb8 17. Rg4 Bd8 18. Bh3 Qb7 19. Re4 f5 20. gxf6 Ndxf6 21. Rc4 Bb6 22. Rc6 Bxe3 23. Be6+ Kh8 24. Qxe3 Ra6 25. Qd3 Rxc6 26. Nxa5 Qb6 27. dxc6 Qxa5 28. Qxd6 Qa8 29. c7 b3 30. Qxf8+ 1-0

[Event "HUN-ch U20"]
[Site "Szolnok"]
[Date "2024.04.03"]
[Round "5"]
[White "Borzsei, Andras"]
[Black "Herpai, Jozsef Matyas"]
[Result "1-0"]
[WhiteElo "2126"]
[BlackElo "2037"]
[PlyCount "51"]
[EventDate "2024.03.31"]
[EventType "swiss"]
[EventRounds "9"]
[EventCountry "HUN"]
[SourceTitle "CB16_2024"]
[SourceDate "2024.04.17"]
[SourceVersion "1"]
[SourceVersionDate "2024.04.17"]
[SourceQuality "1"]

1. d4 Nf6 2. c4 e6 3. Nc3 d5 4. cxd5 Nxd5 5. e4 Nxc3 6. bxc3 c5 7. Nf3 cxd4 8. cxd4 Bb4+ 9. Bd2 Bxd2+ 10. Qxd2 0-0 11. Bc4 Nd7 12. 0-0 b6 13. Rfe1 Bb7 14. Rad1 Rc8 15. Bb3 Nf6 16. d5 exd5 17. exd5 Rc5 18. d6 Bd5 19. Bxd5 Rxd5 20. Qb4 Rxd1 21. Rxd1 Re8 22. d7 Re4 23. Qc3 Nxd7 24. Ne5 Qe8 25. Nxd7 Re7 26. Ne5 1-0

[Event "HUN-chT 2324"]
[Site "Hungary"]
[Date "2024.03.10"]
[Round "6.10"]
[White "Herpai, Jozsef Matyas"]
[Black "Gaal, Zsoka"]
[Result "0-1"]
[WhiteElo "2075"]
[BlackElo "2305"]
[PlyCount "62"]
[EventDate "2023.10.28"]
[EventType "team-tourn"]
[EventRounds "9"]
[EventCountry "HUN"]
[SourceTitle "CB16_2024"]
[SourceDate "2024.04.17"]
[SourceVersion "1"]
[SourceVersionDate "2024.04.17"]
[SourceQuality "1"]
[WhiteTeam "Dunaharaszti"]
[BlackTeam "Ajka Sentimento"]
[WhiteTeamCountry "HUN"]
[BlackTeamCountry "HUN"]

1. e4 e5 2. Nf3 Nc6 3. d4 exd4 4. Nxd4 Nf6 5. Nxc6 bxc6 6. Nd2 Bc5 7. Nb3 Bb6 8. e5 Ne4 9. Qg4 Bxf2+ 10. Kd1 d5 11. Qxg7 Ke7 12. Bg5+ Nxg5 13. Qxg5+ Ke8 14. Qg7 Rf8 15. Qxh7 Qg5 16. Qd3 Rb8 17. Qc3 c5 18. Nd2 Bd4 19. Qa5 Bg4+ 20. Nf3 Bxf3+ 21. gxf3 Qe3 22. Be2 Rg8 23. Re1 Kd8 24. Qxa7 Rxb2 25. Qa8+ Ke7 26. Qa5 Rb6 27. Qa7 Bc3 28. Qxc7+ Kf8 29. Qd8+ Kg7 30. Qxd5 Bxa1 31. Bd3 Rb1# 0-1

[Event "Titled Tuesday intern op 13th Feb Late"]
[Site "Chess.com INT"]
[Date "2024.02.13"]
[Round "7"]
[White "Herpai, Jozsef Matyas"]
[Black "Gasparyan, Davit"]
[Result "1-0"]
[WhiteElo "2087"]
[BlackElo "2163"]
[PlyCount "147"]
[EventDate "2024.02.13"]
[EventType "swiss (blitz)"]
[EventRounds "11"]
[EventCountry "USA"]
[SourceTitle "CB08_2024"]
[SourceDate "2024.02.21"]
[SourceVersion "1"]
[SourceVersionDate "2024.02.21"]
[SourceQuality "1"]

1. d4 Nf6 2. Nf3 e6 3. Bg5 c5 4. e3 Nc6 5. c3 Be7 6. Nbd2 b6 7. Bd3 Bb7 8. 0-0 0-0 9. a4 d6 10. Qe2 Rb8 11. Rfd1 Qc7 12. Bh4 Rfe8 13. Bg3 Bf8 14. Ba6 Ba8 15. Nc4 Ne4 16. Na3 Nxg3 17. hxg3 cxd4 18. exd4 Ne7 19. Bd3 Nd5 20. Nb5 Qd7 21. a5 a6 22. Na3 b5 23. Nb1 Qc7 24. Nbd2 g6 25. Ne4 Bg7 26. Bc2 e5 27. dxe5 dxe5 28. Bb3 Rbd8 29. c4 bxc4 30. Bxc4 Kh8 31. Bxa6 f5 32. Nc3 Nxc3 33. bxc3 Qxc3 34. Bb5 Rf8 35. a6 e4 36. Ng5 Rb8 37. Ne6 Rf6 38. Nxg7 Kxg7 39. a7 Rbf8 40. Rd7+ Kh8 41. Rad1 f4 42. gxf4 Rxf4 43. Rd8 Qc5 44. Rxf8+ Rxf8 45. Bc4 Qe5 46. Qe3 g5 47. Qd4 Re8 48. Qxe5+ Rxe5 49. Rd8+ Kg7 50. Rxa8 Ra5 51. Kh2 Kh6 52. Kg3 Ra4 53. Be2 Kg7 54. Kg4 e3+ 55. Kg3 exf2 56. Kxf2 Ra2 57. Kg3 Ra3+ 58. Bf3 h5 59. Kf2 g4 60. Be4 Ra2+ 61. Ke3 Ra4 62. Kf4 Ra5 63. Bf5 g3 64. Kxg3 Ra3+ 65. Kh4 Ra5 66. Be4 Ra4 67. Kg5 Ra5+ 68. Bf5 Kf7 69. Rh8 Kg7 70. Rh7+ Kg8 71. Rb7 Ra6 72. Rb8+ Kg7 73. a8Q Rg6+ 74. Bxg6 1-0

[Event "Titled Tuesday intern op 13th Feb Late"]
[Site "Chess.com INT"]
[Date "2024.02.13"]
[Round "6"]
[White "Karas, Marek"]
[Black "Herpai, Jozsef Matyas"]
[Result "0-1"]
[WhiteElo "2228"]
[BlackElo "2087"]
[PlyCount "42"]
[EventDate "2024.02.13"]
[EventType "swiss (blitz)"]
[EventRounds "11"]
[EventCountry "USA"]
[SourceTitle "CB08_2024"]
[SourceDate "2024.02.21"]
[SourceVersion "1"]
[SourceVersionDate "2024.02.21"]
[SourceQuality "1"]

1. e4 c6 2. d4 d5 3. exd5 cxd5 4. c4 Nf6 5. Nc3 g6 6. cxd5 Bg7 7. Qb3 0-0 8. Nf3 Na6 9. Bxa6 bxa6 10. 0-0 a5 11. Bf4 a4 12. Qxa4 Nxd5 13. Be5 Bb7 14. Bxg7 Kxg7 15. Qb3 Rb8 16. Ne5 Nf4 17. f3 Qxd4+ 18. Kh1 Qxe5 19. Rae1 Qg5 20. Qc2 Rfd8 21. Qf2 Nd3 0-1

[Event "Titled Tuesday intern op 06th Feb Early"]
[Site "Chess.com INT"]
[Date "2024.02.06"]
[Round "2"]
[White "Herpai, Jozsef Matyas"]
[Black "Chuersakul, Sarocha"]
[Result "0-1"]
[WhiteElo "2087"]
[BlackElo "1820"]
[PlyCount "42"]
[EventDate "2024.02.06"]
[EventType "swiss (blitz)"]
[EventRounds "11"]
[EventCountry "USA"]
[SourceTitle "CB07_2024"]
[SourceDate "2024.02.14"]
[SourceVersion "1"]
[SourceVersionDate "2024.02.14"]
[SourceQuality "1"]

1. e4 g6 2. d4 Bg7 3. Nc3 a6 4. Be3 b5 5. Qd2 d6 6. 0-0-0 Bb7 7. f3 Nd7 8. h4 h5 9. Nh3 Rc8 10. Ng5 c5 11. Ne2 e6 12. Kb1 Ngf6 13. Bf4 e5 14. dxe5 dxe5 15. Bg3 Qe7 16. Nc3 0-0 17. Nd5 Bxd5 18. exd5 Qd6 19. Bd3 c4 20. Be4 c3 21. Qd3 Qb4 0-1

[Event "Titled Tuesday intern op 06th Feb Early"]
[Site "Chess.com INT"]
[Date "2024.02.06"]
[Round "9"]
[White "Herpai, Jozsef Matyas"]
[Black "Kekic, Armin"]
[Result "1/2-1/2"]
[WhiteElo "2087"]
[BlackElo "2138"]
[PlyCount "94"]
[EventDate "2024.02.06"]
[EventType "swiss (blitz)"]
[EventRounds "11"]
[EventCountry "USA"]
[SourceTitle "CB07_2024"]
[SourceDate "2024.02.14"]
[SourceVersion "1"]
[SourceVersionDate "2024.02.14"]
[SourceQuality "1"]

1. e4 c5 2. Nf3 e6 3. d4 cxd4 4. Nxd4 Nf6 5. Nc3 Nc6 6. Ndb5 Bb4 7. a3 Bxc3+ 8. Nxc3 d5 9. exd5 exd5 10. Bd3 Be6 11. 0-0 0-0 12. Bg5 h6 13. Bh4 Ne5 14. h3 Rc8 15. Re1 Nxd3 16. Qxd3 g5 17. Bg3 Qb6 18. Be5 Qd8 19. Rad1 Rc6 20. Qd4 Nd7 21. Nxd5 Nxe5 22. Qxe5 Bxd5 23. Rxd5 Qc7 24. Qxc7 Rxc7 25. c3 Kg7 26. f3 Rfc8 27. Kf2 b6 28. Red1 Rc6 29. Rd7 R8c7 30. R1d4 Kf6 31. Ke3 Rxd7 32. Rxd7 a5 33. Kd3 h5 34. c4 h4 35. b4 axb4 36. axb4 Ke6 37. Rd4 Rc7 38. b5 Ra7 39. Re4+ Kf5 40. Re2 Rd7+ 41. Kc3 Rc7 42. Kb4 Kf4 43. Kc3 f5 44. Kd3 Rd7+ 45. Kc3 Rc7 46. Re6 Kg3 47. Re2 Kf4 1/2-1/2

[Event "Titled Tuesday intern op 06th Feb Early"]
[Site "Chess.com INT"]
[Date "2024.02.06"]
[Round "1"]
[White "Poltorak, Sebastian"]
[Black "Herpai, Jozsef Matyas"]
[Result "1-0"]
[WhiteElo "2379"]
[BlackElo "2087"]
[PlyCount "39"]
[EventDate "2024.02.06"]
[EventType "swiss (blitz)"]
[EventRounds "11"]
[EventCountry "USA"]
[SourceTitle "CB07_2024"]
[SourceDate "2024.02.14"]
[SourceVersion "1"]
[SourceVersionDate "2024.02.14"]
[SourceQuality "1"]

1. Nc3 c5 2. e4 e6 3. d4 cxd4 4. Qxd4 Nc6 5. Qd3 d5 6. exd5 exd5 7. Qxd5 Bd6 8. Bg5 f6 9. Bc4 Ne5 10. Bb5+ Ke7 11. Be3 a6 12. Ba4 Rb8 13. Bb3 Nh6 14. 0-0-0 Nf5 15. Nf3 Nxe3 16. fxe3 Qb6 17. Nxe5 fxe5 18. Qf7+ Kd8 19. Ne4 Qxe3+ 20. Kb1 1-0

[Event "Titled Tuesday intern op 16th Jan Early"]
[Site "Chess.com INT"]
[Date "2024.01.16"]
[Round "8"]
[White "Herpai, Jozsef Matyas"]
[Black "Avramidou, Anastasia"]
[Result "0-1"]
[WhiteElo "2205"]
[BlackElo "2287"]
[PlyCount "144"]
[EventDate "2024.01.16"]
[EventType "swiss (blitz)"]
[EventRounds "11"]
[EventCountry "USA"]
[SourceTitle "CB04_2024"]
[SourceDate "2023.10.16"]
[SourceVersion "1"]
[SourceVersionDate "2023.10.16"]
[SourceQuality "1"]

1. e4 g6 2. d4 Bg7 3. Nc3 c6 4. Nf3 d6 5. Be3 b5 6. Qd2 Nf6 7. Bd3 b4 8. Ne2 a5 9. h4 h5 10. Ng5 Ng4 11. Bf4 e5 12. dxe5 Nxe5 13. 0-0-0 0-0 14. Bxe5 Bxe5 15. f4 Bg7 16. Bc4 d5 17. exd5 Qf6 18. Qd4 Qd6 19. Qd2 Bg4 20. Nf3 Bxf3 21. gxf3 c5 22. c3 Nd7 23. Rhg1 Nb6 24. Qd3 a4 25. f5 a3 26. b3 Nxc4 27. Qxc4 bxc3 28. Nxc3 Qf6 29. Rd3 Rfe8 30. d6 Kh8 31. d7 Red8 32. Rgd1 Ra7 33. fxg6 fxg6 34. Qxc5 Raa8 35. Rd6 Qf4+ 36. Kb1 Qh2 37. R6d2 Qf4 38. Rd3 Qh2 39. R3d2 Qxh4 40. Nd5 Qg5 41. f4 Qf5+ 42. Qc2 Rxd7 43. Qxf5 gxf5 44. Nb6 Rxd2 45. Rxd2 Rb8 46. Nd5 Rd8 47. Kc2 h4 48. Ne3 Rc8+ 49. Kd3 h3 50. Rh2 Kg8 51. Rxh3 Rc3+ 52. Ke2 Bd4 53. Rg3+ Kf8 54. Nxf5 Rc2+ 55. Kd3 Rxa2 56. Kxd4 Rb2 57. Kc4 a2 58. Rg1 Rb1 59. Rg2 a1Q 60. Nd6 Rc1+ 61. Kb4 Rd1 62. Nc4 Qf6 63. Re2 Rd7 64. Re5 Rb7+ 65. Ka3 Qxf4 66. Re8+ Kxe8 67. Na5 Qb4+ 68. Ka2 Qxa5+ 69. Kb2 Qb4 70. Ka1 Qa3+ 71. Kb1 Qxb3+ 72. Ka1 Qb2# 0-1

[Event "Titled Tuesday intern op 16th Jan Early"]
[Site "Chess.com INT"]
[Date "2024.01.16"]
[Round "2"]
[White "Herpai, Jozsef Matyas"]
[Black "Manukyan, Sargis V"]
[Result "0-1"]
[WhiteElo "2205"]
[BlackElo "2253"]
[PlyCount "30"]
[EventDate "2024.01.16"]
[EventType "swiss (blitz)"]
[EventRounds "11"]
[EventCountry "USA"]
[SourceTitle "CB04_2024"]
[SourceDate "2023.10.16"]
[SourceVersion "1"]
[SourceVersionDate "2023.10.16"]
[SourceQuality "1"]

1. e4 e6 2. d4 d5 3. e5 c5 4. c3 Nc6 5. Nf3 Nge7 6. Bd3 cxd4 7. 0-0 dxc3 8. Nxc3 Bd7 9. h4 Ng6 10. h5 Ngxe5 11. Nxe5 Nxe5 12. Bc2 h6 13. Re1 Bd6 14. f4 Bc5+ 15. Kh1 Qh4# 0-1

[Event "Titled Tuesday intern op 16th Jan Early"]
[Site "Chess.com INT"]
[Date "2024.01.16"]
[Round "5"]
[White "Herpai, Jozsef Matyas"]
[Black "Mazurkiewicz, Michal"]
[Result "1-0"]
[WhiteElo "2205"]
[BlackElo "2145"]
[PlyCount "155"]
[EventDate "2024.01.16"]
[EventType "swiss (blitz)"]
[EventRounds "11"]
[EventCountry "USA"]
[SourceTitle "CB04_2024"]
[SourceDate "2023.10.16"]
[SourceVersion "1"]
[SourceVersionDate "2023.10.16"]
[SourceQuality "1"]

1. e4 d6 2. d4 Nf6 3. Nc3 c6 4. Be3 b5 5. f3 e5 6. dxe5 dxe5 7. Qxd8+ Kxd8 8. 0-0-0+ Kc7 9. Kb1 Be6 10. a3 Nbd7 11. Nge2 a5 12. Nc1 b4 13. axb4 axb4 14. N3e2 Nc5 15. b3 Be7 16. Nd3 Nxd3 17. Rxd3 Ra5 18. Nc1 Rha8 19. Be2 Ra1+ 20. Kb2 Nd7 21. Rhd1 Nc5 22. R3d2 R8a3 23. Bf2 Bg5 24. Bxc5 Bxd2 25. Rxd2 Ra8 26. Bxb4 Kb6 27. Bc3 f6 28. Bc4 Bxc4 29. bxc4 Kc7 30. Bb4 R1a4 31. c3 Ra1 32. Bd6+ Kc8 33. Bb4 Kc7 34. Kc2 Kb6 35. Kb2 c5 36. Rd6+ Kc7 37. Bxc5 R1a5 38. Bb4 Rb8 39. Rd5 Ra6 40. Rb5 Rba8 41. Rc5+ Kd7 42. Rd5+ Ke6 43. Nb3 Kf7 44. Nc5 Ra1 45. Rd7+ Kg6 46. Kc2 R8a2+ 47. Kd3 Rd1+ 48. Ke3 Re1+ 49. Kd3 Rd1+ 50. Ke3 Rf1 51. Kd3 Rff2 52. Nb3 Rab2 53. Nc1 Rbd2+ 54. Ke3 Rxd7 55. Kxf2 Rd2+ 56. Kg3 Rc2 57. Nb3 Kf7 58. Nc5 g5 59. Kg4 Kg6 60. Kg3 h5 61. h3 h4+ 62. Kh2 Kf7 63. Nb7 Kg6 64. Nd6 Kg7 65. Nf5+ Kg6 66. c5 Ra2 67. Nd6 Ra8 68. Nb5 Rb8 69. Nd6 Ra8 70. Nc4 Ra7 71. Na5 Ra6 72. c6 Ra7 73. Nb7 Ra8 74. c7 Rc8 75. Ba5 Kf7 76. Nd6+ Ke6 77. Nxc8 Kd7 78. Nb6+ 1-0

[Event "Titled Tuesday intern op 16th Jan Early"]
[Site "Chess.com INT"]
[Date "2024.01.16"]
[Round "1"]
[White "Herpai, Jozsef Matyas"]
[Black "Olenik Campa, Rudi"]
[Result "0-1"]
[WhiteElo "2205"]
[BlackElo "2299"]
[PlyCount "76"]
[EventDate "2024.01.16"]
[EventType "swiss (blitz)"]
[EventRounds "11"]
[EventCountry "USA"]
[SourceTitle "CB04_2024"]
[SourceDate "2023.10.16"]
[SourceVersion "1"]
[SourceVersionDate "2023.10.16"]
[SourceQuality "1"]

1. e4 e6 2. d3 d5 3. Nd2 Nc6 4. g3 Nf6 5. Bg2 dxe4 6. dxe4 e5 7. Ngf3 Bc5 8. 0-0 0-0 9. c3 a5 10. Qc2 b6 11. Rd1 Qe7 12. Nf1 Be6 13. Be3 h6 14. Rd2 a4 15. Bxc5 Qxc5 16. Ne3 Ne7 17. Nh4 Ra7 18. Nhf5 Nxf5 19. Nxf5 Bxf5 20. exf5 b5 21. Rad1 Re8 22. Qd3 Ra6 23. Qe3 Qf8 24. Qd3 e4 25. Qxb5 Rb6 26. Qxa4 e3 27. fxe3 Qc5 28. Qd4 Qxf5 29. e4 Qg5 30. c4 Rd6 31. Qc3 Qc5+ 32. Kh1 Nxe4 33. Bxe4 Rxe4 34. Rxd6 cxd6 35. Qd3 Re6 36. Qd5 Qf2 37. c5 Re2 38. Qh5 Qg2# 0-1

[Event "HUN-ch U16/18"]
[Site "Buek"]
[Date "2023.06.21"]
[Round "3"]
[White "Palczert, Matyas"]
[Black "Herpai, Jozsef Matyas"]
[Result "1-0"]
[WhiteElo "2328"]
[BlackElo "2147"]
[PlyCount "73"]
[EventDate "2023.06.17"]
[EventType "swiss"]
[EventRounds "9"]
[EventCountry "HUN"]
[SourceTitle "CBM 215 Extra"]
[Source "ChessBase"]
[SourceDate "2023.09.30"]
[SourceVersion "1"]
[SourceVersionDate "2023.09.30"]
[SourceQuality "1"]

1. e4 e6 2. d4 d5 3. Nc3 Nf6 4. e5 Nfd7 5. f4 c5 6. Nf3 Nc6 7. Be3 Be7 8. Qd2 0-0 9. dxc5 Qa5 10. 0-0-0 b6 11. Bb5 Nb4 12. a3 bxc5 13. Kb1 Rb8 14. axb4 cxb4 15. Nxd5 exd5 16. Bxd7 Bxd7 17. Qxd5 Qxd5 18. Rxd5 Bc6 19. Ra5 Rfc8 20. b3 Be4 21. Rc1 Rc3 22. Bxa7 Rbc8 23. Nd4 Bxg2 24. Re1 Bh3 25. Re2 Kf8 26. Kb2 Bd7 27. Rd2 Bc5 28. Bxc5+ R3xc5 29. Rxc5 Rxc5 30. Ne2 Bg4 31. Nc1 Bf5 32. Na2 Ke7 33. Nxb4 Be4 34. Rd4 Bf3 35. c4 g5 36. Nd3 Rc7 37. fxg5 1-0

[Event "HUN-ch U16/18"]
[Site "Buek"]
[Date "2023.06.20"]
[Round "2"]
[White "Herpai, Jozsef Matyas"]
[Black "Bodrogi, Bendeguz"]
[Result "0-1"]
[WhiteElo "2147"]
[BlackElo "2113"]
[PlyCount "124"]
[EventDate "2023.06.17"]
[EventType "swiss"]
[EventRounds "9"]
[EventCountry "HUN"]
[SourceTitle "CBM 215 Extra"]
[Source "ChessBase"]
[SourceDate "2023.09.30"]
[SourceVersion "1"]
[SourceVersionDate "2023.09.30"]
[SourceQuality "1"]

1. e4 c6 2. d4 d5 3. f3 Qb6 4. Nc3 dxe4 5. Bc4 Nf6 6. fxe4 e5 7. dxe5 Ng4 8. Qe2 Nxe5 9. Bb3 Bg4 10. Nf3 Nbd7 11. Bd2 0-0-0 12. 0-0-0 Nc5 13. Bf4 Nxb3+ 14. axb3 Nxf3 15. gxf3 Be6 16. Qg2 Rxd1+ 17. Rxd1 Qa5 18. Kb1 g6 19. e5 Bg7 20. Qe2 Rd8 21. Rxd8+ Kxd8 22. Qd3+ Kc8 23. Qd6 Qc7 24. Qc5 b6 25. Qe3 h5 26. h4 Bf8 27. Ne4 Qd8 28. Qc3 Kb7 29. Bg3 Qd1+ 30. Ka2 a5 31. Nd6+ Kc7 32. Ne8+ Kb7 33. Nd6+ Bxd6 34. exd6 a4 35. Be5 axb3+ 36. cxb3 Qd5 37. Bg3 g5 38. hxg5 Qxg5 39. Qe5 Qxe5 40. Bxe5 h4 41. Kb1 Kc8 42. Kc2 Bd5 43. b4 Bxf3 44. Kd2 h3 45. Ke3 Bg4 46. Bg3 Be6 47. Kd4 Kb7 48. Kc3 Ka6 49. Bf4 Kb5 50. Bg3 c5 51. bxc5 Kxc5 52. b4+ Kd5 53. Kd3 Bf5+ 54. Kc3 Ke4 55. Kc4 Bd7 56. Bh2 f5 57. Kc3 Ke3 58. Bg1+ Kf3 59. Bh2 Kg2 60. Be5 h2 61. Bxh2 Kxh2 62. Kd3 f4 0-1

[Event "HUN-ch U20"]
[Site "Budapest"]
[Date "2023.02.20"]
[Round "1"]
[White "Geher, Koppany"]
[Black "Herpai, Jozsef Matyas"]
[Result "1-0"]
[WhiteElo "2261"]
[BlackElo "2032"]
[PlyCount "97"]
[EventDate "2023.02.20"]
[EventType "swiss"]
[EventRounds "7"]
[EventCountry "HUN"]
[SourceTitle "CBM 212 Extra"]
[Source "ChessBase"]
[SourceDate "2023.03.31"]
[SourceVersion "1"]
[SourceVersionDate "2023.03.31"]
[SourceQuality "1"]

1. e4 c5 2. Nf3 d6 3. d4 cxd4 4. Nxd4 Nf6 5. Nc3 g6 6. Be3 Bg7 7. f3 0-0 8. Qd2 Nc6 9. 0-0-0 d5 10. Nxc6 bxc6 11. Bh6 Be6 12. Bxg7 Kxg7 13. exd5 cxd5 14. g4 Qc7 15. Nb5 Qc5 16. g5 Nh5 17. Qd4+ Qxd4 18. Rxd4 Rfc8 19. Be2 Rc5 20. Rhd1 Bf5 21. R1d2 a6 22. Nc3 e6 23. Nd1 Kf8 24. Ne3 Ng7 25. Rh4 Kg8 26. Ra4 Rc6 27. b4 Rb6 28. c4 dxc4 29. Nxc4 Rc8 30. Kb2 Rbc6 31. Ne3 Kf8 32. Rxa6 Rc1 33. Nxf5 Nxf5 34. Rd8+ Rxd8 35. Kxc1 Nd4 36. Bd1 Rb8 37. a3 f6 38. gxf6 Kf7 39. Rd6 Nb5 40. Rd7+ Kxf6 41. Kb2 Rc8 42. Bb3 h5 43. a4 Nc7 44. b5 Ke5 45. Ka3 Nd5 46. Bxd5 exd5 47. b6 Kd4 48. b7 Rb8 49. Kb4 1-0

[Event "Puspokladany Arnoth Memorial 15th"]
[Site "Puspokladany"]
[Date "2022.07.29"]
[Round "5"]
[White "Ambru, Dan Calin"]
[Black "Herpai, Jozsef Matyas"]
[Result "1-0"]
[WhiteElo "2001"]
[BlackElo "1717"]
[PlyCount "69"]
[EventDate "2022.07.27"]
[EventType "swiss"]
[EventRounds "9"]
[EventCountry "HUN"]
[SourceTitle "EXT 2023"]
[Source "ChessBase"]
[SourceDate "2022.10.05"]
[SourceVersion "1"]
[SourceVersionDate "2022.10.05"]
[SourceQuality "1"]

1. d4 Nf6 2. c4 e6 3. Nc3 d5 4. cxd5 exd5 5. Bg5 c6 6. e3 Bf5 7. Qf3 Bg6 8. Bxf6 gxf6 9. h4 Bb4 10. Rc1 Nd7 11. h5 Be4 12. Qd1 Bxc3+ 13. Rxc3 Rg8 14. f3 Bf5 15. g4 Be6 16. Bd3 Nf8 17. Ne2 Qd7 18. Qc2 h6 19. b4 a6 20. a4 Qd6 21. Kd2 Bd7 22. Bf5 Ne6 23. Bxe6 fxe6 24. Qh7 0-0-0 25. b5 axb5 26. axb5 f5 27. gxf5 Rg2 28. fxe6 Qxe6 29. Ra1 Kb8 30. b6 c5 31. Qb1 Bc6 32. Rca3 Kc8 33. Qh7 Rxe2+ 34. Kxe2 Bb5+ 35. Kf2 1-0

[Event "Puspokladany Arnoth Memorial 15th"]
[Site "Puspokladany"]
[Date "2022.07.28"]
[Round "3"]
[White "Gulacsi, Donat Ferenc"]
[Black "Herpai, Jozsef Matyas"]
[Result "0-1"]
[WhiteElo "1822"]
[BlackElo "1717"]
[PlyCount "78"]
[EventDate "2022.07.27"]
[EventType "swiss"]
[EventRounds "9"]
[EventCountry "HUN"]
[SourceTitle "EXT 2023"]
[Source "ChessBase"]
[SourceDate "2022.10.05"]
[SourceVersion "1"]
[SourceVersionDate "2022.10.05"]
[SourceQuality "1"]

1. d4 d5 2. Nf3 Nf6 3. e3 e6 4. Bd3 c5 5. b3 Bd6 6. Bb2 0-0 7. Nbd2 cxd4 8. exd4 b6 9. Qe2 a5 10. Ne5 Ba6 11. c4 Nbd7 12. 0-0 Bb7 13. f4 a4 14. g4 g6 15. Ndf3 Ne4 16. g5 a3 17. Bc1 Nxe5 18. fxe5 Bb4 19. cxd5 Nc3 20. Qe1 Bxd5 21. Bd2 Bxf3 22. Bxc3 Qxg5+ 23. Kf2 Bxc3 24. Qxc3 Bd5 25. Ke2 Qh5+ 26. Kd2 Rfc8 27. Qb4 Qg5+ 28. Ke2 Qg4+ 29. Kd2 Qg2+ 30. Ke3 Rc7 31. Rf2 Qh3+ 32. Ke2 Rac8 33. Qd2 Qg4+ 34. Ke3 Rc3 35. Rf4 Qh3+ 36. Ke2 Qxh2+ 37. Ke1 Qg1+ 38. Bf1 Re3+ 39. Kd1 Bf3+ 0-1

[Event "Puspokladany Arnoth Memorial 15th"]
[Site "Puspokladany"]
[Date "2022.07.28"]
[Round "2"]
[White "Herpai, Jozsef Matyas"]
[Black "Fridrik, Richard"]
[Result "1/2-1/2"]
[WhiteElo "1717"]
[BlackElo "1874"]
[PlyCount "35"]
[EventDate "2022.07.27"]
[EventType "swiss"]
[EventRounds "9"]
[EventCountry "HUN"]
[SourceTitle "EXT 2023"]
[Source "ChessBase"]
[SourceDate "2022.10.05"]
[SourceVersion "1"]
[SourceVersionDate "2022.10.05"]
[SourceQuality "1"]

1. e4 e6 2. d4 d5 3. exd5 exd5 4. Bd3 Bd6 5. Nf3 Nf6 6. 0-0 0-0 7. Bg5 Bg4 8. Nbd2 Nbd7 9. c3 c6 10. Qc2 h6 11. Bh4 Qc7 12. Rfe1 Rae8 13. Bg3 Bxg3 14. hxg3 b5 15. b4 a6 16. Bf5 Bxf5 17. Qxf5 g6 18. Qc2 1/2-1/2

[Event "HUN-chT U18"]
[Site "Budapest"]
[Date "2021.10.24"]
[Round "1.9"]
[White "Herpai, Jozsef Matyas"]
[Black "Bodrogi, Bendeguz"]
[Result "0-1"]
[WhiteElo "1419"]
[BlackElo "2145"]
[PlyCount "60"]
[EventDate "2021.10.24"]
[EventType "team-tourn"]
[EventRounds "7"]
[EventCountry "HUN"]
[SourceTitle "CBM 205 Extra"]
[Source "ChessBase"]
[SourceDate "2022.01.31"]
[SourceVersion "1"]
[SourceVersionDate "2022.01.31"]
[SourceQuality "1"]

1. e4 c5 2. Nc3 Nc6 3. f4 g6 4. Nf3 Bg7 5. Bc4 e6 6. 0-0 Nge7 7. Qe1 0-0 8. d3 d5 9. Bb3 Na5 10. exd5 Nxb3 11. axb3 exd5 12. Bd2 Nf5 13. Qf2 Nd4 14. Rac1 Re8 15. Kh1 Be6 16. Na4 Bg4 17. Nxd4 Bxd4 18. Qg3 Qc8 19. Rfe1 Be6 20. Be3 b5 21. Bxd4 cxd4 22. f5 Bd7 23. Rxe8+ Bxe8 24. f6 bxa4 25. Qh4 Qf5 26. Qxd4 axb3 27. cxb3 Rc8 28. Re1 Bb5 29. g4 Qf3+ 30. Kg1 Rc2 0-1